01463nam a2200385Ia 4500001001200000003000800012006001900020007001500039008004100054010001700095020001500112020002000127020002200147040002100169035002000190050002700210082001600237245015000253260004400403300002400447490002100471504006400492533015200556650002800708650003100736650002500767655002900792700002600821700002800847700001800875710001700893830002200910856012600932999001901058ebr10054732CaPaEBRm u cr cn|||||||||990111s2000 enka sb 001 0 eng d z 99012322  z0203449126 z0415172527 (hb) z0415172535 (pbk.) aCaPaEBRcCaPaEBR a(OCoLC)5199543614aNA2543.W65bG46 2000eb04a720/.8222100aGender space architectureh[electronic resource] :ban interdisciplinary introduction /cedited by Jane Rendell, Barbara Penner, and Iain Borden. aLondon ;aNew York :bRoutledge,c2000. axvi, 432 p. :bill.1 aArchitext series aIncludes bibliographical references (p. 399-423) and index. aElectronic reproduction.bPalo Alto, Calif. :cebrary,d2009.nAvailable via World Wide Web.nAccess may be limited to ebrary affiliated libraries. 0aArchitecture and women. 0aFeminism and architecture. 0aSpace (Architecture) 7aElectronic books.2local1 aRendell, Jane,d1967-1 aPenner, Barbara,d1970-1 aBorden, Iain.2 aebrary, Inc. 0aArchitext series.40uhttp://site.ebrary.com/lib/rucke/Doc?id=10054732zAn electronic book accessible through the World Wide Web; click to view c165531d165531